<?xml version="1.0" encoding="UTF-8"?><marc:collection xmlns:marc="http://www.loc.gov/MARC21/slim">
  <marc:record>
    <marc:leader>00000nam  2200000zi 4500</marc:leader>
    <marc:controlfield tag="001">9.935273</marc:controlfield>
    <marc:controlfield tag="003">CaOODSP</marc:controlfield>
    <marc:controlfield tag="005">20240405130235</marc:controlfield>
    <marc:controlfield tag="006">m     o  d f      </marc:controlfield>
    <marc:controlfield tag="007">cr mn|||||||||</marc:controlfield>
    <marc:controlfield tag="008">240312e202403  onc     ob   f100 0 eng d</marc:controlfield>
    <marc:datafield tag="020" ind1=" " ind2=" ">
      <marc:subfield code="a">9780660707464</marc:subfield>
    </marc:datafield>
    <marc:datafield tag="040" ind1=" " ind2=" ">
      <marc:subfield code="a">CaOODSP</marc:subfield>
      <marc:subfield code="b">eng</marc:subfield>
      <marc:subfield code="e">rda</marc:subfield>
      <marc:subfield code="c">CaOODSP</marc:subfield>
    </marc:datafield>
    <marc:datafield tag="043" ind1=" " ind2=" ">
      <marc:subfield code="a">n-cn---</marc:subfield>
    </marc:datafield>
    <marc:datafield tag="086" ind1="1" ind2=" ">
      <marc:subfield code="a">Fs70-4/2024-013E-PDF</marc:subfield>
    </marc:datafield>
    <marc:datafield tag="245" ind1="0" ind2="0">
      <marc:subfield code="a">Proceedings of the national peer review for guidance on the use of targeted environmental DNA (eDNA) analysis for the management of aquatic invasive species (AIS) and species at risk (SAR) : </marc:subfield>
      <marc:subfield code="b">meeting dates, July 6-8, 2020 : location, virtual meeting / </marc:subfield>
      <marc:subfield code="c">chairpersons, Shauna Baillie &amp; Sophie Foster ; editors, Karine Robert and Shannan May-McNally.</marc:subfield>
    </marc:datafield>
    <marc:datafield tag="264" ind1=" " ind2="1">
      <marc:subfield code="a">Ottawa ON : </marc:subfield>
      <marc:subfield code="b">Canadian Science Advisory Secretariat (CSAS), </marc:subfield>
      <marc:subfield code="c">March 2024.</marc:subfield>
    </marc:datafield>
    <marc:datafield tag="264" ind1=" " ind2="4">
      <marc:subfield code="c">©2024</marc:subfield>
    </marc:datafield>
    <marc:datafield tag="300" ind1=" " ind2=" ">
      <marc:subfield code="a">1 online resource (iv, 12 pages).</marc:subfield>
    </marc:datafield>
    <marc:datafield tag="336" ind1=" " ind2=" ">
      <marc:subfield code="a">text</marc:subfield>
      <marc:subfield code="b">txt</marc:subfield>
      <marc:subfield code="2">rdacontent</marc:subfield>
    </marc:datafield>
    <marc:datafield tag="337" ind1=" " ind2=" ">
      <marc:subfield code="a">computer</marc:subfield>
      <marc:subfield code="b">c</marc:subfield>
      <marc:subfield code="2">rdamedia</marc:subfield>
    </marc:datafield>
    <marc:datafield tag="338" ind1=" " ind2=" ">
      <marc:subfield code="a">online resource</marc:subfield>
      <marc:subfield code="b">cr</marc:subfield>
      <marc:subfield code="2">rdacarrier</marc:subfield>
    </marc:datafield>
    <marc:datafield tag="490" ind1="1" ind2=" ">
      <marc:subfield code="a">Proceedings series, </marc:subfield>
      <marc:subfield code="x">1701-1280 ; </marc:subfield>
      <marc:subfield code="v">2024/013</marc:subfield>
    </marc:datafield>
    <marc:datafield tag="500" ind1=" " ind2=" ">
      <marc:subfield code="a">Issued also in French under title: Compte rendu de l'examen national par les pairs des lignes directrices pour l'utilisation ciblée des analyses d'ADN environnemental (ADNe) pour la gestion des espèces aquatiques envahissantes et des espèces en péril : dates de réunion, du 6 au 8 juillet 2020 : lieu, réunion virtuelle.</marc:subfield>
    </marc:datafield>
    <marc:datafield tag="504" ind1=" " ind2=" ">
      <marc:subfield code="a">Includes bibliographical references (page 8).</marc:subfield>
    </marc:datafield>
    <marc:datafield tag="520" ind1=" " ind2=" ">
      <marc:subfield code="a">"A Fisheries and Oceans Canada (DFO) Canadian Science Advisory Secretariat (CSAS) National Advisory Process was held virtually from July 6-8, 2020. The focus of the meeting was to provide peer-reviewed science advice and guidance on the use of targeted Environmental DNA (eDNA) analysis for the management of Aquatic Invasive Species (AIS) and Species at Risk (SAR). The meeting included discussion around how to improve eDNA reporting standards through study design, sample analysis, and results reporting. The discussion was guided by several presentations given by the lead authors of the associated working paper or led by the meeting co-chairs. This Proceedings document is the record of meeting presentations, discussions, recommendations, and conclusions. A Research Document and a Science Advisory Report were produced following the conclusion of the meeting"--Summary, page iv.</marc:subfield>
    </marc:datafield>
    <marc:datafield tag="650" ind1=" " ind2="0">
      <marc:subfield code="a">DNA fingerprinting of animals</marc:subfield>
      <marc:subfield code="z">Canada</marc:subfield>
      <marc:subfield code="v">Congresses.</marc:subfield>
    </marc:datafield>
    <marc:datafield tag="650" ind1=" " ind2="0">
      <marc:subfield code="a">DNA fingerprinting of plants</marc:subfield>
      <marc:subfield code="z">Canada</marc:subfield>
      <marc:subfield code="v">Congresses.</marc:subfield>
    </marc:datafield>
    <marc:datafield tag="650" ind1=" " ind2="0">
      <marc:subfield code="a">Introduced aquatic organisms</marc:subfield>
      <marc:subfield code="x">Monitoring</marc:subfield>
      <marc:subfield code="z">Canada</marc:subfield>
      <marc:subfield code="v">Congresses.</marc:subfield>
    </marc:datafield>
    <marc:datafield tag="650" ind1=" " ind2="0">
      <marc:subfield code="a">Endangered species</marc:subfield>
      <marc:subfield code="x">Monitoring</marc:subfield>
      <marc:subfield code="z">Canada</marc:subfield>
      <marc:subfield code="v">Congresses.</marc:subfield>
    </marc:datafield>
    <marc:datafield tag="655" ind1=" " ind2="7">
      <marc:subfield code="a">Conference papers and proceedings</marc:subfield>
      <marc:subfield code="2">lcgft</marc:subfield>
    </marc:datafield>
    <marc:datafield tag="700" ind1="1" ind2=" ">
      <marc:subfield code="a">Baillie, Shauna M. </marc:subfield>
      <marc:subfield code="q">(Shauna Maureen), </marc:subfield>
      <marc:subfield code="d">1971-</marc:subfield>
    </marc:datafield>
    <marc:datafield tag="710" ind1="2" ind2=" ">
      <marc:subfield code="a">Canadian Science Advisory Secretariat, </marc:subfield>
      <marc:subfield code="e">issuing body.</marc:subfield>
    </marc:datafield>
    <marc:datafield tag="710" ind1="1" ind2=" ">
      <marc:subfield code="a">Canada. </marc:subfield>
      <marc:subfield code="b">Department of Fisheries and Oceans. </marc:subfield>
      <marc:subfield code="b">National Capital Region, </marc:subfield>
      <marc:subfield code="e">issuing body.</marc:subfield>
    </marc:datafield>
    <marc:datafield tag="775" ind1="0" ind2="8">
      <marc:subfield code="t">Compte rendu de l'examen national par les pairs des lignes directrices pour l'utilisation ciblée des analyses d'ADN environnemental (ADNe) pour la gestion des espèces aquatiques envahissantes et des espèces en péril : </marc:subfield>
      <marc:subfield code="w">(CaOODSP)9.935274</marc:subfield>
    </marc:datafield>
    <marc:datafield tag="830" ind1="#" ind2="0">
      <marc:subfield code="a">Proceedings series (Canadian Science Advisory Secretariat)</marc:subfield>
      <marc:subfield code="v">2024/013.</marc:subfield>
      <marc:subfield code="w">(CaOODSP)9.506483</marc:subfield>
    </marc:datafield>
    <marc:datafield tag="856" ind1="4" ind2="0">
      <marc:subfield code="q">PDF</marc:subfield>
      <marc:subfield code="s">470 KB</marc:subfield>
      <marc:subfield code="u">https://publications.gc.ca/collections/collection_2024/mpo-dfo/fs70-4/Fs70-4-2024-013-eng.pdf</marc:subfield>
    </marc:datafield>
  </marc:record>
</marc:collection>
